| 000 | 00544nam a2200169 i 4500 | ||
|---|---|---|---|
| 001 | 86130 | ||
| 003 | ES-MaACL | ||
| 007 | t| | ||
| 008 | 041207s1978 fr ||||1| fre d | ||
| 020 | _a2-234-00963-4 | ||
| 245 | 0 | 3 |
_aLe Kalevala _b: épopée populaire finlandaise / _cElias Lönnrot ; traduction métrique et préface par Jean-Louis Perret. |
| 260 |
_a[Paris] : _bStock + Plus, _c[1978] |
||
| 300 |
_a686 p. ; _c18 cm. |
||
| 700 | 1 |
_aPerret, Jean-Louis. _991342 |
|
| 700 | 1 |
_aLönnrot, Elias. _973262 |
|
| 852 |
_aES-MaACL _jL-8200 _bR.108659 |
||
| 999 |
_c86130 _d86130 |
||